000 00346nam a2200133Ia 4500
008 240624s9999 xx 000 0 und d
041 _aeng
082 _a006.3 KRE
100 _aKREUTZER T  RALF  
245 _aUNDERSTANDING ARTIFICIAL INTELLIGENCE FU
260 _c2020
_aSwitzerland
_bSpringer
300 _a313p. ;23cm.
365 _cERU
_b33
999 _c32801
_d32801